Normal view
MARC view
- EADY MAJOR H. G
Entry Personal Name
001 - CONTROL NUMBER
- control field: 49316
003 - CONTROL NUMBER IDENTIFIER
- control field: NUST
005 - DATE AND TIME OF LATEST TRANSACTION
- control field: 20210314134312.0
008 - FIXED-LENGTH DATA ELEMENTS
- fixed length control field: 210314|| aca||aabn | a|a d
040 ## - CATALOGING SOURCE
- Original cataloging agency: NUST
- Transcribing agency: NUST
100 ## - HEADING--PERSONAL NAME
- Personal name: EADY MAJOR H. G
670 ## - SOURCE DATA FOUND
- Source citation: Work cat.: (NUST): EADY MAJOR H. G., Historical Illustrations to Field Service Regulations, "OPERATIONS" 1929
